• 首页
  • 本馆介绍
  • 公告通知
  • 最新文献
  • 馆藏检索
  • 电子资源
  • 读者导购
  • 参考咨询
  • 我的图书馆
  • 登录
  • 详细信息显示
  • 放入我的书架
  • 预约/预借图书
  • 作者相关作品
  • 分类相关作品
  • 丛书相关作品
  • 出版社相关作品

书目信息

  • 表格格式
  • 工作单格式
  • 卡片格式
题名:
普通物理思考题解析
    
 
作者: 韩绍先 编
分册:  
出版信息: 石家庄   河北人民出版社  1985.9
页数: 512页
开本: 20cm
丛书名:
单 册:
中图分类: O4-44
科图分类:
主题词: 物理学
电子资源:
ISBN:
000 00525nam0 2200193 45
001 0312221749
005 20060524104150.68
010    @dCNY2.20
091    @a13086.132
100    @a20031222d1985 km y0chiy0120 ea
101    @achi
200 1  @a普通物理思考题解析@APu Tong Wu Li Si Kao Ti Jie Xi@f韩绍先等编@FHan Shao Xian Deng Bian
210    @a石家庄@c河北人民出版社@d1985.9
215    @a512页@c插图@d20cm
606 0  @a物理学
690    @aO4-44@v3
701 0  @a韩绍先@4编
801    @aCN@bTSTCL@c20060524
905    @dO4-44@e130
    
    普通物理思考题解析/韩绍先等编.-石家庄:河北人民出版社,1985.9
    512页:插图;20cm
    
    
    ISBN :CNY2.20
    
●
相关链接 在E读中查询图书 在五车中查询图书 在当当中查询图书 在豆瓣中查询图书


正题名:普通物理思考题解析     索取号:O4-44/130         预约/预借

序号 登录号 条形码 馆藏地/架位号 状态 备注
1 0141575   000393568   第三借阅区/ [索取号:O4-44/130] 在馆    
2 0141576   202391189   密集书库/ [索取号:O4-44/130] 在馆    
3 0141577   000393586   第三借阅区/ [索取号:O4-44/130] 在馆    
4 0141579   000393577   第三借阅区/ [索取号:O4-44/130] 在馆    
5 0141580   000393559   第三借阅区/ [索取号:O4-44/130] 在馆    
6 0141581   000393684   第三借阅区/ [索取号:O4-44/130] 在馆    
7 0141582   000393693   第三借阅区/ [索取号:O4-44/130] 在馆    
8 0141583   001953568   第三借阅区/ [索取号:O4-44/130] 在馆    
9 0141584   202099139   第二样本阅览室/ [索取号:O4-44/130] 在馆    
唐山师范学院图书馆 欢迎您!
大连网信软件有限公司© 版权所有